Vista normal Vista MARC

Entrada Topical Term

Número de registros utilizados en: 1

001 - CONTROL NUMBER

  • control field: 41676

003 - CONTROL NUMBER IDENTIFIER

  • control field: OSt

005 - DATE AND TIME OF LATEST TRANSACTION

  • control field: 20211124160034.0

008 - FIXED-LENGTH DATA ELEMENTS

  • fixed length control field: 211124|| aca||aabn | a|a d

040 ## - CATALOGING SOURCE

  • Original cataloging agency: OSt
  • Transcribing agency: OSt

150 ## - HEADING--TOPICAL TERM

  • Topical term or geographic name entry element: Metodología
  • General subdivision: Análisis financiero

670 ## - SOURCE DATA FOUND

  • Source citation: Work cat.: (OSt): Departamento Nacional de Planeación autor 1612, Manual de tramites de crédito publico interno y externo /, 1998.